| 000 | 00719nam a22002177a 4500 | ||
|---|---|---|---|
| 010 | _aA-710263 | ||
| 020 |
_a8185320101 _c300.00 |
||
| 035 | _aA-710263 | ||
| 037 | _bCen Lib / Ret | ||
| 040 |
_aDPL _bEN |
||
| 082 |
_a954.5 _bPAU |
||
| 100 | _aPaul, Promode Lal | ||
| 245 |
_aThe early history of eastern India : _b(from the earliest time to the Muslim conquest) / _cby Promode Lal Paul ; Forwarded by R. C. Majumdar |
||
| 260 |
_aDelhi _bSharada Prakasahn _c1990 |
||
| 270 |
_aE-239, Shastri Nagar _bDelhi _e110052 |
||
| 300 |
_av 1. 158p _b24cm(Hb) |
||
| 650 | _aBengal (India) -- History. | ||
| 650 | _aIndia -- Bengal. | ||
| 700 | _aMajumdar, R. C. | ||
| 942 |
_2ddc _cEN _h954.5 _mPAU |
||
| 999 |
_c136539 _d136539 |
||